000 00251nam a22001097a 4500
041 _aENG
245 _aTerminology For Integrated Resoures Planning And Management
260 _aRome
_bFAO
_c1999
300 _a69
650 _aFAO
856 _uFAO ( 01 )
999 _c2347
_d2347